| 000 | 00767 a2200253 4500 | ||
|---|---|---|---|
| 001 | 2694 | ||
| 003 | Complexo Educacional Contemporaneo | ||
| 005 | 20230919125507.0 | ||
| 008 | 190812s[--- r por d | ||
| 020 | _a8575201174 | ||
| 040 |
_aComplexo Educacional Contemporaneo _bpor |
||
| 080 | _a821.134.3(81) | ||
| 082 | _a821.134.3(81) | ||
| 090 |
_a821.134.3(81) A447m _bAP _dLiteratura Brasileira |
||
| 100 | _aAlmeida, Manuel Antônio de | ||
| 240 | 1 | 0 |
_aMemórias de Um Sargento de Milícias _lPortuguês |
| 260 |
_bCiranda Cultural _c[----?] |
||
| 300 | _a128p. | ||
| 362 | 0 | _a([----?]) | |
| 650 | 4 | _aLiteratura Brasileira | |
| 650 | 4 | _aRomance | |
| 245 | 1 | 0 | _aMemórias de Um Sargento de Milícias |
| 999 |
_c2694 _d2694 |
||